000 00266nam a22001217a 4500
040 _crua
082 _a541 ATK 1982 A084 Or.
100 _aP.W. ATKINS.
245 _aChimie physique 2.
260 _ax.1259p.
_bill.
300 _aphnom penh
_brua
_c1982
942 _cREC
999 _c21407
_d21407